header

Interpretation and literature in early medieval China (Record no. 78657)

MARC details
000 -LEADER
fixed length control field 01749nam a2200421Ia 4500
082 04 - DEWEY DECIMAL CLASSIFICATION NUMBER
Classification number 895.1/09002
245 00 - TITLE STATEMENT
Title Interpretation and literature in early medieval China
260 ## - PUBLICATION, DISTRIBUTION, ETC. (IMPRINT)
Place of publication Albany :
Name of publisher State University of New York Press,
Year of publication c2010.
300 ## - PHYSICAL DESCRIPTION
Number of Pages vi, 288 p. :
Other physical details map.
490 1# - SERIES STATEMENT
Series statement SUNY series in Chinese philosophy and culture
650 #0 - SUBJECT ADDED ENTRY--TOPICAL TERM
Topical Term Chinese literature
Topical Term Chinese literature
Topical Term Chinese literature
Topical Term Philosophy in literature.
Topical Term Hermeneutics.
Topical Term Religion and literature
700 1# - ADDED ENTRY--PERSONAL NAME
Personal name Chan, Alan Kam-leung,
Personal name Lo, Yuet Keung.
856 40 - ELECTRONIC LOCATION AND ACCESS
Uniform Resource Identifier http://site.ebrary.com/lib/rucke/Doc?id=10573961

No items available.

© 2026 Rongo University
Contact us: librarian | system librarian | Rongo university